000 006800000a22002170004500
001 27576
010 _a978-972-23-3718-2
090 _a27576
100 _a20070813d2007 m y0pory5003 ba
101 0 _apor
102 _aPT
200 1 _aOs guardiães da noite
_fSerguei Lukiánenko
_gtrad. do russo de Natália Vakhmistrova
210 _aLisboa
_cPresença
_d2007
215 _a389, [1] p
225 2 _aVia láctea
_v50
300 _a1º vol. de uma trilogia
675 _a821.161.1-311.3
_vBN
_zpor
700 1 _aLukiánenko
_bSerguei
702 1 _946064
_4730
_aVakhmistrova
_bNatália
942 _cMON
_n0
999 _a27576
_bBibliobase - BMTAV
_c2019-01-21